000 00989nam a22003137a 4500
003 CHAP
005 20220329143602.0
008 100722s1986 mx a r 00010 spa d
010 _a98879
011 _a99851
020 _a9683801633
035 _a110537
040 _cCHAP
082 1 4 _a630.972
_bC88
100 1 _aCruces Carvajal, Ramón.
_929244
245 1 0 _aLo que México aportó al mundo
_c/por Ramón Cruces Carvajal
260 _aMéxico, D.F. :
_bPanorama,
_c1986
300 _a155 p. :
_bilus.
590 _aBATCH-UPD
_b10
_c20130110
_lUCH01
_h1122
590 _aBATCH-UPD
_b10
_c20130410
_lUCH01
_h0712
590 _aBATCH-UPD
_b10
_c20130914
_lUCH01
_h0045
590 _aCONVERSION
_b10
_c20130109
_lUCH01
_h1355
650 1 4 _aAgricultura
_xHistoria
_xMéxico.
_91521
650 1 4 _aAgricultura
_zMéxico.
_91932
650 1 4 _aProductos agrícolas.
_991896
901 _aBK
942 _cLIBRO
949 _a630.972 C88
_bBC
_cLIBRO
_d33724002200371
_eLIBRO
_gI.c/e
_h112985
_i110537
_sb
999 _c98879
_d98879